El desarrollo financiera en América Latina y el Caribe : (Registro nro. 12009)
[ vista simple ]
| 000 -LEADER | |
|---|---|
| fixed length control field | 01488nam a2200265Ia 4500 |
| 003 - CONTROL NUMBER IDENTIFIER | |
| control field | OSt |
| 005 - DATE AND TIME OF LATEST TRANSACTION | |
| control field | 20210723114301.0 |
| 008 - FIXED-LENGTH DATA ELEMENTS--GENERAL INFORMATION | |
| fixed length control field | 210310s2012 ad ad gr10 spa d spa |
| 020 ## - INTERNATIONAL STANDARD BOOK NUMBER | |
| International Standard Book Number | 9780821394908 |
| 040 ## - CATALOGING SOURCE | |
| Original cataloging agency | CO-JMCR |
| Transcribing agency | CO-JMCR |
| 041 0# - LANGUAGE CODE | |
| Language code of text/sound track or separate title | spa |
| 082 04 - DEWEY DECIMAL CLASSIFICATION NUMBER | |
| Classification number | 338.98 / |
| Item number | T689d |
| Edition number | 23 |
| 100 1# - MAIN ENTRY--PERSONAL NAME | |
| Personal name | De la Torre, Augusto, |
| Relator term | autor |
| 9 (RLIN) | 26878 |
| 245 13 - TITLE STATEMENT | |
| Title | El desarrollo financiera en América Latina y el Caribe : |
| Remainder of title | el camino por delante / |
| Statement of responsibility, etc. | Augusto de la Torre, Alain Ize, Sergio L. Schmukler |
| 260 ## - PUBLICATION, DISTRIBUTION, ETC. | |
| Place of publication, distribution, etc. | Washington : |
| Name of publisher, distributor, etc. | Banco Mundial, |
| Date of publication, distribution, etc. | 2012. |
| 300 ## - PHYSICAL DESCRIPTION | |
| Extent | 278 páginas : |
| Other physical details | ilustraciones y gráficas a color ; |
| Dimensions | 28 cm. |
| 501 ## - WITH NOTE | |
| With note | Incluye referencias bibliográficas páginas 265-278. |
| 505 ## - FORMATTED CONTENTS NOTE | |
| Formatted contents note | La visión general. -- El desarrollo financiero: el lado brillante, los patrones, las trayectorias y el lado escuro. -- El desarrollo financiero interno. -- La globalización financiera. -- La inclusión financiera. -- La brecha bancaria. -- La brecha de renta variable. -- El largo plazo. -- El riego asumido por el estado. -- La supervisión prudencial. -- Las políticas macroprudenciales a lo largo del ciclo en ALC. -- La regulación microsistémica. -- La supervisión sistémica. -- Resumen de las direcciones de las políticas para el futuro. |
| 650 14 - SUBJECT ADDED ENTRY--TOPICAL TERM | |
| Topical term or geographic name entry element | Área del Caribe |
| 9 (RLIN) | 27037 |
| 650 24 - SUBJECT ADDED ENTRY--TOPICAL TERM | |
| Topical term or geographic name entry element | Desarrollo económico |
| 9 (RLIN) | 38662 |
| 650 24 - SUBJECT ADDED ENTRY--TOPICAL TERM | |
| Topical term or geographic name entry element | Finanzas |
| 9 (RLIN) | 38663 |
| 700 1# - ADDED ENTRY--PERSONAL NAME | |
| Personal name | Ize, Alain, |
| Relator term | autor |
| 9 (RLIN) | 38664 |
| 700 1# - ADDED ENTRY--PERSONAL NAME | |
| Personal name | Schmukler, Sergio L., |
| Relator term | autor |
| 9 (RLIN) | 38555 |
| 942 ## - ADDED ENTRY ELEMENTS (KOHA) | |
| Source of classification or shelving scheme | Dewey Decimal Classification |
| Koha item type | Books |
| Withdrawn status | Lost status | Source of classification or shelving scheme | Damaged status | Not for loan | Home library | Current library | Shelving location | Date acquired | Source of acquisition | Total Checkouts | Full call number | Barcode | Date last seen | Date last checked out | Copy number | Price effective from | Koha item type |
|---|---|---|---|---|---|---|---|---|---|---|---|---|---|---|---|---|---|
| Dewey Decimal Classification | Biblioteca Pública José María del Castillo y Rada | Biblioteca Pública José María del Castillo y Rada | General Stacks | 04/15/2018 | Donación | 1 | 338.98 / T689d | 430002337 | 05/16/2024 | 10/18/2023 | Ej.1 | 03/10/2021 | Books |